00815nam a2200169 i 450000100060000000300090000600500170001500700030003200800410003524502880007626000590036430000290042370000330045285200220048599900170050795201210052461472ES-MaACL20230906164450.0t|031112s1913 fr ||||1| fre d02aL'Exposition de la miniature a Bruxelle en 1912 b: recueil des oeuvres les plus remarquatles des miniaturistes de toutes les ecoles, du XVIe au XIXe siecle / couvrage publie sous la direction du Comité de l'Expsition avec la collaboration de H. Kervyn de Lettenhove ... [et al.]. a[S.l. : bs.n., c1913] (eAmiens : fJ. E. Buschmann) aXVIII, 142 p. ; c36 cm.1 aKervyn de Lettenhove.967946 aES-MaACLjC-10443 c61472d61472 00104070aATENEOMbATENEOMcSPALd2008-01-17eSCl0oC-10443p1064457r2023-02-23 00:00:00w2023-02-23yMONOGRAFIA